Regeneração in vitro de Solidago chilensis (Asteraceae) via organogênese direta (Registro n. 301062)
[ somente texto ]
| 000 -LÍDER | |
|---|---|
| fixed length control field | 03996nab a2200277 i 4500 |
| 003 - CÓDIGO MARC DA AGÊNCIA CATALOGADORA | |
| Campo de controle | BR-BrBNA |
| 005 - DATA E HORA DA ÚLTIMA ATUALIZAÇÃO | |
| Campo de controle | 20240829163814.0 |
| 008 - CAMPO DE TAMANHO FIXO | |
| fixed length control field | 240829b2018 bl.qr|pooa||| 00| 0 por | |
| 040 ## - FONTE DA CATALOGAÇÃO | |
| Agência catalogadora | BR-BrBNA |
| Idioma da catalogação | por |
| 072 ## - CATEGORIA AGRIS | |
| Código AGRIS | F02 |
| 100 ## - ENTRADA PRINCIPAL - NOME PESSOAL | |
| Nome pessoal | Rodrigues, Ana Carolina da Cunha |
| 100 ## - ENTRADA PRINCIPAL - NOME PESSOAL | |
| Nome pessoal | Domingos, Sandra Regina Oliveira |
| 100 ## - ENTRADA PRINCIPAL - NOME PESSOAL | |
| Nome pessoal | Galvão, Sara Fernandes |
| 100 ## - ENTRADA PRINCIPAL - NOME PESSOAL | |
| Nome pessoal | Santana, José Raniere Ferreira de |
| 245 ## - TÍTULO PRINCIPAL | |
| Título principal | Regeneração in vitro de Solidago chilensis (Asteraceae) via organogênese direta |
| 500 ## - NOTA GERAL | |
| Nota geral | Publicação on-line; 35 ref.; 6 tables; 5 illus.; Summaries (En, Pt) |
| 942 ## - ADDED ENTRY ELEMENTS (KOHA) | |
| Koha item type | |
| 520 ## - NOTA DE RESUMO | |
| Nota de conteúdo | <br/><br/>RESUMO: <br/><br/>O presente trabalho teve como objetivo estabelecer protocolo para regeneração in<br/>vitro de S. chilensis via organogênese direta. Para o estabelecimento in vitro foram testados<br/>dois tipos de antioxidantes: carvão ativado (0,3%) adicionado ao meio de cultura e imersão<br/>em solução de ácido ascórbico (2%) por 20 minutos, e tipos de explantes: segmentos basais<br/>e medianos de lâmina foliar, segmentos intermodais e nodais caulinares, apicais e medianos.<br/>Também foram testados tipos de fechamento dos tubos (com filme PVC e algodão), e analisada<br/>a anatomia das plantas. Para aclimatização, vasos contendo fibra de coco, areia e terra vegetal<br/>foram mantidos em casa de vegetação. As plantas foram regadas três vezes por semana com<br/>2 ml de solução de Hoagland (1/4 de força). Depois de quinze dias as tampas das garrafas<br/>foram desenroscadas, no trigésimo dia as mudas foram transferidas para sacos de polietileno,<br/>avaliada porcentagem de sobrevivência e crescimento durante 60 dias. Segmentos nodais<br/>medianos apresentaram maior taxa de multiplicação do que apicais e folhas. Não foi observado<br/>declínio na taxa de propagação no decorrer de quatro subcultivos in vitro e o pH das culturas<br/>se manteve estável. Foi estabelecido com sucesso o protocolo de micropropagação de S.<br/>chilensis e as mudas apresentaram alto índice de sobrevivência na fase de aclimatização.<br/><br/>Palavras-Chave: Clonagem, fechamento do tubo, tampa de algodão, tecidos vegetais. |
| 520 ## - NOTA DE RESUMO | |
| Nota de conteúdo | <br/><br/>ABSTRACT: <br/><br/>In vitro regeneration of Solidago chilensis (Asteraceae) by direct<br/>organogenesis. The present work aimed to establish a protocol for in vitro regeneration of<br/>S. chilensis by direct organogenesis. In order to establish in vitro were tested two types of<br/>antioxidants: activated carbon (0.3%) added to culture medium and immersion in solution of<br/>ascorbic acid (2%) for 20 minutes; and types of explants: basal and median of leaf segments,<br/>intermodal and nodal stem segments, apical and median. Were also tested the tube closure<br/>types (with PVC film and cotton), and analyzed the anatomy of plants. For acclimatization,<br/>vessels containing coconut fiber, sand and topsoil were kept in the greenhouse. Plants were<br/>watered three times a week with 2 ml of Hoagland solution (1/4 strength). After fifteen days<br/>the caps of the bottles were unscrewed, on the thirtieth day, transferred to polyethylene bags,<br/>and evaluated the percentage of survival and growth parameters, for 60 days. Median nodal<br/>segments showed higher multiplication rate than apical and leaves. There was no decline in the<br/>propagation rate over four subcultures in vitro and the pH remained stable. It was successfully<br/>established the micropropagation protocol of S. chilensis and the seedlings had a high survival<br/>rate in the acclimatization phase.<br/><br/>Keywords: Cloning, tamponade, cotton cap, plant tissues. |
| 650 ## - ASSUNTO - THESAGRO | |
| Cabeçalho tópico ou nome geográfico | CLONAGEM |
| 650 ## - ASSUNTO - THESAGRO | |
| Cabeçalho tópico ou nome geográfico | TECIDO VEGETAL |
| 650 ## - ASSUNTO - THESAGRO | |
| Cabeçalho tópico ou nome geográfico | REGENERAÇÃO |
| 773 0# - ENTRADA ANALÍTICA | |
| Host Biblionumber | 3543 |
| Registro do item | 317615 |
| Imprenta | Botucatu-SP Instituto de Biociências - Departamento de Química e Bioquímica 1998 |
| Outro identificador | 2024-4330 |
| Título | Revista Brasileira de Plantas Medicinais (Brazil) |
| ISSN | 1516-0572 |
| Colação | v. 20(3) p. 244-253; (2018) |
| Número de controle de registro | BR2024002184 |
| 856 ## - ACESSO E ENDEREÇO ELETRÔNICO | |
| Identificador uniforme de recurso - URI | http://www.sbpmed.org.br/admin/files/papers/file_oVC171Iq0JhC.pdf |
Nenhum exemplar disponível.

BINAGRI